| 000 | 00638nam a2200193 a 4500 | ||
|---|---|---|---|
| 001 | 000036547 | ||
| 005 | 20200930075807.0 | ||
| 008 | 120120s1991 sp 000 0 spa d | ||
| 020 | _a8428317712 | ||
| 040 |
_aDO-SdBNP _bspa _cBNPHU |
||
| 082 |
_axxxx _bxxxx |
||
| 100 | 1 |
_aF. Hartley, Robert _962799 |
|
| 245 | 1 | 0 |
_aErrores en el marketing / _cRobert F. Hartley ; traducción Alejandro Pareja Rodríguez. |
| 250 | _a2a ed. | ||
| 260 |
_aMadrid, : _bParaninfo, _c1991. |
||
| 300 |
_a300 p. ; _c24 cm. |
||
| 504 | _aIncluye referencias bibliográficas y notas al pie de las páginas | ||
| 700 | 1 |
_aPareja Rodríguez, Alejandro, _etr. _962800 |
|
| 999 |
_c36038 _d36038 |
||